[Event "FRA-ch op-B"]
[Site "Albi"]
[Date "2022.08.13"]
[Round "1"]
[White "Giry, Jean Marc"]
[Black "De Carvalho Massabo, Raphael"]
[Result "0-1"]
[WhiteElo "1966"]
[BlackElo "1850"]
[PlyCount "62"]
[EventDate "2022.08.13"]
[EventType "swiss"]
[EventRounds "9"]
[EventCountry "FRA"]
[SourceTitle "CBM 210 Extra"]
[Source "ChessBase"]
[SourceDate "2022.11.30"]
[SourceVersion "1"]
[SourceVersionDate "2022.11.30"]
[SourceQuality "1"]

1. c4 Nf6 2. g3 e6 3. Bg2 Be7 4. e4 d6 5. Nc3 c5 6. Nge2 Nc6 7. 0-0 0-0 8. h3 Rb8 9. f4 a6 10. d4 cxd4 11. Nxd4 Qb6 12. Be3 Qxb2 13. Nxc6 bxc6 14. Qd3 Qb7 15. g4 Qc7 16. g5 Nd7 17. h4 a5 18. h5 Ba6 19. Rf3 d5 20. h6 Bxc4 21. Qd2 g6 22. Bh3 Rb4 23. Bd4 Rfb8 24. Re1 c5 25. exd5 cxd4 26. dxe6 Rb2 27. exf7+ Bxf7 28. Qc1 dxc3 29. Rxc3 Bc5+ 30. Ree3 Rb1 31. Be6 Kh8 0-1

[Event "FRA-ch op-B"]
[Site "Pau"]
[Date "2008.08.20"]
[Round "8"]
[White "Fantinel, Thibault"]
[Black "Giry, Jean Marc"]
[Result "1-0"]
[WhiteElo "1908"]
[BlackElo "1934"]
[PlyCount "63"]
[EventDate "2008.08.11"]
[EventType "swiss"]
[EventRounds "11"]
[EventCountry "FRA"]
[SourceTitle "CBM 126 Extra"]
[Source "ChessBase"]
[SourceDate "2008.11.05"]
[SourceVersion "1"]
[SourceVersionDate "2008.11.05"]
[SourceQuality "1"]

1. e4 b6 2. d4 Bb7 3. Bd3 e6 4. Nf3 c5 5. c3 Be7 6. 0-0 d6 7. Re1 Nd7 8. Qe2 e5 9. dxe5 dxe5 10. Nbd2 Qc7 11. a4 Bf6 12. Bb5 a6 13. Bxd7+ Qxd7 14. Nc4 Qc7 15. Rd1 Rd8 16. Rxd8+ Kxd8 17. Bg5 Bxg5 18. Nxg5 h6 19. Rd1+ Ke7 20. Nxf7 Kxf7 21. Rd7+ Qxd7 22. Nxe5+ Ke7 23. Nxd7 Nf6 24. Nxf6 gxf6 25. Qe3 h5 26. a5 Rd8 27. f3 Rd1+ 28. Kf2 Rb1 29. axb6 Rxb2+ 30. Kg3 Rxb6 31. Qxc5+ Rd6 32. Qxh5 1-0

[Event "FRA-ch op-B"]
[Site "Aix les Bains"]
[Date "2007.08.24"]
[Round "10"]
[White "Gertosio, Franck"]
[Black "Giry, Jean Marc"]
[Result "1-0"]
[WhiteElo "1903"]
[BlackElo "2000"]
[PlyCount "49"]
[EventDate "2007.08.13"]
[EventType "swiss"]
[EventRounds "11"]
[EventCountry "FRA"]
[SourceTitle "CBM 120 Extra"]
[Source "ChessBase"]
[SourceDate "2007.11.01"]
[SourceVersion "1"]
[SourceVersionDate "2007.11.01"]
[SourceQuality "1"]

1. e4 b6 2. d4 Bb7 3. Bd3 Nf6 4. Nc3 e6 5. Bg5 Bb4 6. Qe2 h6 7. Bh4 Qc8 8. Nf3 Ba6 9. 0-0 Bxc3 10. bxc3 Bxd3 11. Qxd3 d6 12. c4 Nbd7 13. e5 dxe5 14. Nxe5 Nxe5 15. dxe5 Nd7 16. Rad1 Nxe5 17. Qg3 Nxc4 18. Qxg7 Rf8 19. Qf6 Qd7 20. Rxd7 Kxd7 21. Rd1+ Nd6 22. Qe7+ Kc6 23. Rd3 Ne4 24. Bg3 Rac8 25. Bxc7 1-0

[Event "FRA-chT3"]
[Site "France"]
[Date "2001.??.??"]
[Round "7"]
[White "Giry, Jean Marc"]
[Black "Wolfangel, Cyril"]
[Result "1-0"]
[WhiteElo "2010"]
[BlackElo "1940"]
[PlyCount "69"]
[EventDate "2001.??.??"]
[EventType "team-tourn"]
[EventRounds "9"]
[EventCountry "FRA"]
[SourceTitle "EXT 2003"]
[Source "ChessBase"]
[SourceDate "2002.11.25"]
[SourceVersion "1"]
[SourceVersionDate "2002.11.25"]
[SourceQuality "1"]

1. c4 e5 2. Nc3 Nf6 3. g3 Be7 4. Bg2 d5 5. d3 0-0 6. Nf3 Nc6 7. 0-0 h6 8. Rb1 Nh7 9. b4 Bg5 10. Nxg5 Nxg5 11. e3 Rb8 12. b5 Ne7 13. f4 exf4 14. gxf4 Nh7 15. e4 Be6 16. f5 Bd7 17. Rf3 Nf6 18. Rh3 Kh7 19. Nxd5 Nexd5 20. cxd5 Qe8 21. Qd2 Ng8 22. Rg3 Qd8 23. Bf3 a6 24. Qg2 g6 25. fxg6+ fxg6 26. Rxg6 Rxf3 27. Rg7+ Kh8 28. Qg6 Rf1+ 29. Kxf1 Qf6+ 30. Qxf6 Nxf6 31. Rf7 Bh3+ 32. Ke1 Ng4 33. bxa6 Ne5 34. Rxb7 Ra8 35. a7 1-0